Catálogo público

Diagnóstico mineral de ganado bovinopara carne en agostadero en Indé, Durango / (Record no. 170328)

MARC details
000 -CABECERA
campo de control de longitud fija 01172nam a2200337Ia 4500
001 - NÚMERO DE CONTROL
campo de control Z_7055
003 - IDENTIFICADOR DEL NÚMERO DE CONTROL
campo de control CHAP
005 - FECHA Y HORA DE LA ÚLTIMA TRANSACCIÓN
campo de control 20230123191435.0
008 - DATOS DE LONGITUD FIJA--INFORMACIÓN GENERAL
campo de control de longitud fija 220113s2017 xx 000 0 und d
010 ## - NÚMERO DE CONTROL DE LA BIBLIOTECA DEL CONGRESO
Número de control de LC 170328
040 ## - FUENTE DE LA CATALOGACIÓN
Centro/agencia transcriptor CHAP
090 ## - LOCALMENTE ASIGNADO TIPO-LC NÚMERO DE CLASIFICACIÓN (OCLC); NÚMERO DE CLASIFICACIÓN LOCAL (RLIN)
Número de clasificación (OCLC) (R) ; Numero de clasificación, CALL (RLIN) (NR) Tesis R83 2623
100 ## - ENTRADA PRINCIPAL--NOMBRE DE PERSONA
Nombre de persona Rubio Rubio, Javier
9 (RLIN) 128968
245 ## - MENCIÓN DE TÍTULO
Título Diagnóstico mineral de ganado bovinopara carne en agostadero en Indé, Durango /
Mención de responsabilidad, etc. Javier Rubio Rubio
260 ## - PUBLICACIÓN, DISTRIBUCIÓN, ETC.
Lugar de publicación, distribución, etc. México :
Nombre del editor, distribuidor, etc. El autor,
Fecha de publicación, distribución, etc. 2017
300 ## - DESCRIPCIÓN FÍSICA
Extensión CD
502 ## - NOTA DE TESIS
Nota de tesis Tesis (Maestro en Ciencias en Innovación Ganadera) -- UACh, 2017 \ Dirección: Maximino Huerta Bravo; asesoría: Agustín Ruiz Fores y José Luis Zaragoza Ramírez
650 ## - PUNTO DE ACCESO ADICIONAL DE MATERIA--TÉRMINO DE MATERIA
Término de materia o nombre geográfico como elemento de entrada Minerales inorgánicos
9 (RLIN) 146651
650 ## - PUNTO DE ACCESO ADICIONAL DE MATERIA--TÉRMINO DE MATERIA
Término de materia o nombre geográfico como elemento de entrada Minerales quelatados
9 (RLIN) 146652
650 ## - PUNTO DE ACCESO ADICIONAL DE MATERIA--TÉRMINO DE MATERIA
Término de materia o nombre geográfico como elemento de entrada Selenio
9 (RLIN) 103791
650 ## - PUNTO DE ACCESO ADICIONAL DE MATERIA--TÉRMINO DE MATERIA
Término de materia o nombre geográfico como elemento de entrada Zinc
9 (RLIN) 124054
700 ## - PUNTO DE ACCESO ADICIONAL--NOMBRE DE PERSONA
Nombre de persona Ruiz Flores, Agustín, asesor
9 (RLIN) 142674
700 ## - PUNTO DE ACCESO ADICIONAL--NOMBRE DE PERSONA
Nombre de persona Zaragoza Ramírez, José Luis, asesor
9 (RLIN) 143236
700 ## - PUNTO DE ACCESO ADICIONAL--NOMBRE DE PERSONA
Nombre de persona Huerta Bravo, Maximino, director
9 (RLIN) 137817
856 42 - LOCALIZACIÓN Y ACCESO ELECTRÓNICOS
Identificador Uniforme del Recurso <a href="http://10.13.5.2/tesis/sist113878.pdf">http://10.13.5.2/tesis/sist113878.pdf</a>
Texto de enlace Descargar PDF
901 ## - ELEMENTOS DE DATOS A LOCAL LDA (RLIN)
a TESIS R83 2623
902 ## - ELEMENTOS DE DATOS B LOCAL, LDB (RLIN)
a M
910 ## - DATOS DE OPCIÓN DEL USUARIO (OCLC)
Datos de opción del usuario 2017
942 ## - ELEMENTOS DE PUNTO DE ACCESO ADICIONAL (KOHA)
Tipo de ítem Koha Tesis_
Fuente del sistema de clasificación o colocación Dewey Decimal Classification
942 ## - ELEMENTOS DE PUNTO DE ACCESO ADICIONAL (KOHA)
Tipo de ítem Koha Tesis_
Fuente del sistema de clasificación o colocación Dewey Decimal Classification
Holdings
Estado de retiro Estado de pérdida Fuente del sistema de clasificación o colocación Estado dañado No para préstamo Código de colección Localización permanente Ubicación/localización actual Fecha de adquisición Fuente de adquisición Total de préstamos Signatura topográfica completa Código de barras Fecha visto por última vez Número de copia Precio válido a partir de Tipo de ítem Koha
    Clasificación Universidad Autónoma de Chapingo   Excluido de préstamo Tesis digitales de Maestría Zootecnia Zootecnia 15/07/2019 El autor   Tesis R83 2623 z_T 4973 18/01/2022 1 18/01/2022 CD
    Clasificación Universidad Autónoma de Chapingo   Excluido de préstamo Tesis digitales de Maestría Zootecnia Zootecnia 15/07/2019 El autor   Tesis R83 2623 z_T 4974 18/01/2022 2 18/01/2022 CD